sprawdź swoje szczęście - Statystyki

Ogólne statystyki
  • Ten quiz został rozwiązany 88 razy
  • Średni wynik to 2 z 10
Statystyki odpowiedzi
poziom trudności państwo % Poprawnych
łatwy polska
70%
łatwy wielka brytania
41%
łatwy dania
30%
średni grecja
19%
średni kazachstan
18%
średni libia
11%
trudny kostaryka
6%
trudny tajlandia
6%
hardcorowe antigua i barbuda
5%
hardcorowe mikronezja
5%
Nie znaleziono quizów pasujących do podanych kryteriów
Rozkład punktacji
Procent ludzi z każdym wynikiem
Percentyl według liczby udzielonych odpowiedzi
Twoja historia wyników
Nie rozwiązałeś tego quizu